00233nam a2200097Ia 4500008004100000082000800041100002300049245004200072942000600114999001500120240331s9999 xx 000 0 und d bSHA aChakravarti, U. ed 0aShadow lives :bwritings on widowhood cL c1950d1950